Famous Buildings on Rivers Quiz Stats

 Plays Quiz not verified by Sporcle

Score 0/24 Timer 05:00
0 Plays Today
Hint Answer % Correct
Palace of Westminster on the River Thames
98.3%
Gateway Arch on the Mississippi River
84.3%
Notre-Dame de Paris on the Seine
79%
Katz Castle on the Rhine River
73%
Temple of Karnak on the Nile River
69%
Tengwang Pavilion on the Ganjiang
64.3%
Nanjing International Youth Cultural Centre on the Jiajiang (Yangtze)
56.3%
Castel Sant'Angelo on the Tiber River
52%
Château de Chaumont on the Loire River
43%
Headquarters of the United Nations on the East River
41%
Fortaleza de São José de Macapá on the Amazon River
39.7%
Heinz Field on the Ohio River
34.3%
Hint Answer % Correct
Belém Tower on the Tagus River
34%
John F. Kennedy Center for the Performing Arts on the Potomac River
32%
Moscow Kremlin on the Moskva River
30.3%
King's College Chapel, Cambridge University, on the River Cam
29.7%
Marina City on the Chicago River
26.7%
Montreal Clock Tower on the St. Lawrence River
23%
Canton Tower on the Pearl River (Zhujiang)
18.7%
Taj Mahal on Yamuna River
11.3%
Mezquita de Córdoba on the Guadalquivir River
10%
Château de Chenonceau on the Cher River
6.7%
Botataung Pagoda on the Yangon River
5%
Bitexco Financial Tower on the Saigon River
3.7%

You're not logged in!

Compare scores with friends on all Sporcle quizzes.
OR
Log In

Sporcle TV

Today on Sporcle TV


Watch our educational content, quiz creation guides, and fun videos on Sporcle TV.

Show Comments

Extras

Top Quizzes Today


Score Distribution

Your Account Isn't Verified!

In order to create a playlist on Sporcle, you need to verify the email address you used during registration. Go to your Sporcle Settings to finish the process.

Report this User

Report this user for behavior that violates our Community Guidelines.

Details: